| 000 | 00934nam a22002657a 4500 | ||
|---|---|---|---|
| 999 |
_c6226 _d6226 |
||
| 003 | AR-CdUCM | ||
| 008 | 190314b ||||| |||| 00| 0 spa d | ||
| 040 |
_aMUNICIPALIDAD PROVINCIAL DEL CUSCO _cBIBLIOTECA MUNICIPAL DEL CUSCO |
||
| 082 |
_a975.980 / _bC965 |
||
| 110 |
_aSecretaria de Educación Publica _917942 |
||
| 245 | _aCuentos Americanos / | ||
| 260 |
_aMexico D.F. : _bBiblioteca Enciclopedia Popular, _c1946. |
||
| 300 |
_a93 páginas ; _c20 cm. |
||
| 440 |
_aBiblioteca Enciclopedia Popular _n94 _917943 |
||
| 500 | _aDonación de la familia Nieto | ||
| 505 | _aContenido: Argentina -- Brasil -- Costa Rica -- Cuba -- Chile .... | ||
| 650 |
_aNorte América _92819 |
||
| 650 |
_aCentro América _98960 |
||
| 650 |
_aSur América _917944 |
||
| 650 |
_aSiglo XX _98 |
||
| 650 |
_aHistoria _9136 |
||
| 700 |
_aMillan, María del Carmen (Introducción, selección y nota) _917945 |
||
| 942 |
_2ddc _cLIBROS |
||
| 945 | _acmm | ||